House prices hot up (Record no. 71545)
[ view plain ]
| 000 -LEADER | |
|---|---|
| fixed length control field | 00914cam a2200217 4500 |
| 001 - CONTROL NUMBER | |
| control field | WB3842-05 |
| 008 - FIXED-LENGTH DATA ELEMENTS--GENERAL INFORMATION | |
| fixed length control field | 021111n2002 000 0 eng u |
| 035 ## - SYSTEM CONTROL NUMBER | |
| System control number | (Sirsi) u120408 |
| 245 ## - TITLE STATEMENT | |
| Title | House prices hot up |
| 260 ## - PUBLICATION, DISTRIBUTION, ETC. | |
| Date of publication, distribution, etc. | 2002 |
| 490 ## - SERIES STATEMENT | |
| Series statement | Halifax Building Society Press Release |
| Volume/sequential designation | October 2002 (3) |
| 520 ## - SUMMARY, ETC. | |
| Summary, etc. | Halifax figures reveal UK house prices rose by 4.7% in October - the biggest monthly price rise since Halifax monthly records began in 1983. The number pushed the annual increase to 30.6%, the biggest jump since March 1989, just before the property crash. http://www.hbosplc.com/view/housepriceindex/nationalcommentary.asp |
| 590 ## - LOCAL NOTE (RLIN) | |
| Local note | WB |
| 650 ## - SUBJECT ADDED ENTRY--TOPICAL TERM | |
| Topical term or geographic name entry element | HALIFAX HOUSE PRICE INDEX |
| 650 ## - SUBJECT ADDED ENTRY--TOPICAL TERM | |
| Topical term or geographic name entry element | HOUSE PRICES |
| 650 ## - SUBJECT ADDED ENTRY--TOPICAL TERM | |
| Topical term or geographic name entry element | PROPERTY BOOM |
| 650 ## - SUBJECT ADDED ENTRY--TOPICAL TERM | |
| Topical term or geographic name entry element | PROPERTY CRASH |
| 650 ## - SUBJECT ADDED ENTRY--TOPICAL TERM | |
| Topical term or geographic name entry element | HOUSE PRICE INFLATION |
| 690 ## - LOCAL SUBJECT ADDED ENTRY--TOPICAL TERM (OCLC, RLIN) | |
| Topical term or geographic name as entry element | PROPERTY-RESIDENTIAL PROPERTY-RESIDENTIAL PROPERTY MARKET |
| 942 ## - ADDED ENTRY ELEMENTS (KOHA) | |
| Suppress in OPAC | 0 |
| Withdrawn status | Lost status | Source of classification or shelving scheme | Damaged status | Not for loan | Home library | Current library | Shelving location | Date acquired | Total Checkouts | Full call number | Barcode | Date last seen | Copy number | Price effective from | Koha item type |
|---|---|---|---|---|---|---|---|---|---|---|---|---|---|---|---|
| Dewey Decimal Classification | London | London | News article | 11/11/2002 | WB3842-05 | 120408-1001 | 06/08/2019 | 1 | 06/08/2019 | News article |